000 01399nam2a22002291 4500
001 rc\397753
005 20250621134342.0
035 _a(NLR Aleph) 005805411
090 _a5339036
_c5339036
100 _a20030616d1989 |||y0rusy50 ca
101 0 _arus
102 _aRU
105 _ay |||||||||
200 0 _a... 1987-1989 гг.
_fСост.: Л.П. Нечипоренко, Н.М. Шибут
210 _d1989 (вып. дан. 1990)
_aБ. м.
215 _a113 с.
461 0 _1001rc\397752
_12001#$aТехнология и оборудование для очистки жидких отходов химических производств$eБиблиогр. указ. лит. ...$fБелорус. НИИ НТИ и техн.-экон. исслед. Госплана БССР, Респ. науч.-техн. б-ка при БелНИИНТИ$v... 1987-1989 гг.
_95339029
_cМинск
_d1989
_fБелорус. НИИ НТИ и техн.-экон. исслед. Госплана БССР, Респ. науч.-техн. б-ка при БелНИИНТИ
_nБелНИИНТИ
_oБиблиогр. указ. лит. ...
_tТехнология и оборудование для очистки жидких отходов химических производств
_v... 1987-1989 гг.
801 0 _aRU
_bNLR
_gpsbo
801 1 _aRU
_bELAR
_2rusmarc
852 _aNLR
_bС
_jК-1/5133
942 _cBOOK
980 _aNB